00617nam a22001577a 4500020001800000082001400018100002100032245003500053260004600088300003800134500004000172650007800212942000700290999001700297952014500314 a9788131723142 a621.3 ULA aUlaby, Fawwaz T. aElectromagnetics for engineers aNew Delhi, IndiabPearson Educationc2005 axii, 396 p.e1 CD-ROM (4 3/4 in.) aIncludes bibliographical references a1. Electromagnetic theory 2. Electromagnetic fields 3. Electromagnetism cBK c12607d12607 001040708NFICaCLbCLcGENd2013-12-27eAllied Book Companyg528.00l1m3o621.3 ULApSEECS013018r2020-10-23s2015-01-21w2014-01-11yBK